Catalog

Record Details

Catalog Search



Zákony III. 2025 : úplné znění. Aktualizace III/2, IV/2025 Cover Image Book Book

Zákony III. 2025 : úplné znění. Aktualizace III/2, IV/2025

Česko (Author). Česko. Zákon o státní sociální podpoře (1995, novela 2025) (Added Author). Česko. Zákon o důchodovém pojištění (1995, novela 2025) (Added Author).

Record details

  • ISSN: 1802-8349
  • Physical Description: 120 stran ; 21 cm
  • Publisher: Český Těšín : Poradce, s.r.o., 2025

Content descriptions

General Note:
Název z obálky
Bibliography, etc. Note:
Obsahuje bibliografické odkazy
Formatted Contents Note:
Zákon č. 117/1995 Sb., o státní sociální podpoře -- Zákon č. 155/1995 Sb., o důchodovém pojištění
Subject: státní sociální podpora > Česko
důchodové pojištění > Česko
Genre: zákony

Available copies

  • 0 of 1 copy available at Common Catalog SPOK.

Holds

  • 0 current holds with 1 total copy.
Show All Copies
Location Call Number / Copy Notes Barcode Shelving Location Status Due Date

LDR 02152nam a2200493 i 4500
00158695
003CZ-PrJAB
00520250512083928.0
007ta
008250506s2025 xr e cze
020 . ‡q(Brožováno)
022 . ‡a1802-8349
035 . ‡a(CZ PlERL)000975490
040 . ‡aPNA001 ‡bcze ‡erda
043 . ‡ae-xr---
072 7. ‡a364.3 ‡xSociální pojištění. Zdravotní pojištění. Důchody ‡2Konspekt ‡918
080 . ‡a364.3-64 ‡2MRF
080 . ‡a364.35/.37 ‡2MRF
080 . ‡a(437.3) ‡2MRF
080 . ‡a(094.5) ‡2MRF
1101 . ‡aČesko ‡7ge128065 ‡4aut
24510. ‡aZákony III. 2025 : ‡búplné znění. ‡nAktualizace III/2, IV/2025
2463 . ‡aAktualizace k zákonům III/2, IV/2025
24630. ‡aAktualizace III/2, IV/2025
24633. ‡aAktualizace k zákonům III/2, III/2025
24633. ‡aZákon o státní sociální podpoře, Zákon o důchodovém pojištění
24618. ‡aZákon o státní sociální podpoře
264 1. ‡aČeský Těšín : ‡bPoradce, s.r.o., ‡c2025
300 . ‡a120 stran ; ‡c21 cm
336 . ‡atext ‡btxt ‡2rdacontent
337 . ‡abez média ‡bn ‡2rdamedia
338 . ‡asvazek ‡bnc ‡2rdacarrier
500 . ‡aNázev z obálky
504 . ‡aObsahuje bibliografické odkazy
50520. ‡tZákon č. 117/1995 Sb., o státní sociální podpoře -- ‡tZákon č. 155/1995 Sb., o důchodovém pojištění
65007. ‡astátní sociální podpora ‡7ph126192 ‡zČesko ‡2czenas
65007. ‡adůchodové pojištění ‡7ph114412 ‡zČesko ‡2czenas
655 7. ‡azákony ‡2czenas ‡7fd133886
71012. ‡aČesko. ‡tZákon o státní sociální podpoře (1995, novela 2025)
71012. ‡aČesko. ‡tZákon o důchodovém pojištění (1995, novela 2025)
74002. ‡aZákon o státní sociální podpoře
74002. ‡aZákon o důchodovém pojištění
74002. ‡aUpozornění na změnu: zákona o zaměstnanosti, o organizaci a provádění sociálního zabezpečení, o nemocenském pojištění, o pojistném na sociální zabezpečení, o veřejném zdravotním pojištění, o pojistném na veřejné zdravotní pojištění, o sociálních službách
910 . ‡aABG312
995 . ‡aska
990 . ‡aBK
901 . ‡a58695 ‡bAUTOGEN ‡c58695 ‡tbiblio

Additional Resources